000 00201 a2200097 4500
001 12044
100 _aGorky, M
245 _aMy Universities
260 _a
_bForeign languages
_c
090 _c9296
_d9296
942 _aNUST-CAE
_cM
_c36151
999 _c247117
_d247117